000 01656nam0a2200349 4500
001 RU\NLR\BIBL_A\022238199
005 20260420010437.0
010 _a978-5-6050429-5-2
_91000
021 _aRU
_bКН-П-24-022103
_9КН-П-24-2301
035 _a(NLR Aleph) 022238199
090 _a13659183
_c13659183
100 _a20240530d2024 u y0rusy50 ca
101 0 _arus
102 _aRU
105 _aa z 000yy
181 0 _ai3
_baxxe
181 0 _ab1
_bxb2e
182 0 _an
200 1 _aСтроительство на вечномерзлых грунтах Забайкалья
_eошибки проектироваения, строительства и эксплуатации зданий
_fЮ. М. Мосенкис
203 _aТекст
_aИзображение
_bвизуальные
_cнепосредственные
210 _aОмск
_c[б. и]
_d2024
215 _a255 с.
_cил., табл.
_d22
300 _aНа задней сторонке пер. авт.: Ю. М. Мосенкис, канд. техн. наук
320 _aБиблиолгр.: с. 253-255 (66 назв.)
606 1 _aЗдания и сооружения
_xСтроительство на мерзлых грунтах
_92546408
_3RU\NLR\AUTH\661507128
606 1 _aЗдания и сооружения
_xЭксплуатация в северных районах
_92443492
_3RU\NLR\AUTH\6601671207
686 1 _aН797.1
700 1 _aМосенкис
_bЮ. М.
_f1938-
_gЮзеф Матвеевич
942 _cBOOK
980 _aNB